Official Guide for GMAT (Record no. 2867)

MARC details
000 -LEADER
fixed length control field 00307nam a2200133Ia 4500
008 - FIXED-LENGTH DATA ELEMENTS--GENERAL INFORMATION
fixed length control field 230312s9999||||xx |||||||||||||| ||und||
082 ## - DEWEY DECIMAL CLASSIFICATION NUMBER
Classification number 020
Item number OFF
245 #0 - TITLE STATEMENT
Title Official Guide for GMAT
260 ## - PUBLICATION, DISTRIBUTION, ETC.
Name of publisher, distributor, etc. Educational testing services
Date of publication, distribution, etc. 1998
300 ## - PHYSICAL DESCRIPTION
Extent 530
546 ## - LANGUAGE NOTE
Language note Eng.
650 ## - SUBJECT ADDED ENTRY--TOPICAL TERM
Topical term or geographic name entry element Computer
942 ## - ADDED ENTRY ELEMENTS (KOHA)
Koha item type BOOK

No items available.

Powered by Koha